Pays avec des doubles lettres - Statistiques

Statistiques générales
  • Ce quiz a été pris 19 341 fois
    18 457 depuis la dernière actualisation
  • Le résultat moyen est 8 sur 18
Statistiques - réponses
Lettre en double Pays % Correct
S Russie
73%
L Allemagne
56%
E Guinée
56%
S Suisse
53%
E Erythrée
52%
E Guinée Bissau
50%
E Guinée Equatoriale
49%
P Philippines
49%
E Corée du Sud
46%
T Lettonie
46%
L Nouvelle-Zélande
46%
E Corée du Nord
45%
E Papouasie Nouvelle-Guinée
42%
S Biélorussie
37%
R Andorre
32%
L Seychelles
23%
L Iles Marshall
19%
R Sierra Leone
18%
Aucun quiz correspondant
Distribution des résultats
% des personnes avec chaque résultat
Percentile par nombre de réponses
Votre historique - résultats
Vous n’avez pas pris ce quiz depuis la dernière actualisation